[Event "29th European Blitz"]
[Site "Warsaw POL"]
[Date "2010.12.17"]
[Round "12"]
[White "Tkachiev,V"]
[Black "Gashimov,V"]
[Result "1/2-1/2"]
[WhiteElo "2636"]
[BlackElo "2733"]

1.e4 c5 2.c3 g6 3.d4 cxd4 4.cxd4 d5 5.exd5 Nf6 6.Nc3 Bg7 7.Qb3 O-O 8.Be2 Nbd7
9.Bf3 Nb6 10.a4 a5 11.Nge2 Bf5 12.O-O Bd3 13.d6 exd6 14.Rd1 Bc4 15.Qc2 Nfd5
16.b3 Nb4 17.Qb1 Ba6 18.Ba3 Re8 19.h3 Rc8 20.Bxb4 axb4 21.Nb5 Qd7 22.Qd3 d5
23.Rac1 Rc6 24.Qd2 Rxc1 25.Rxc1 Bxb5 26.axb5 Qxb5 27.Rc5 Qa6 28.Qxb4 Bf8
29.Qb5 Re6 30.Qxa6 bxa6 31.Ra5 Bb4 32.Rxa6 Kg7 33.g3 Rd6 34.Kf1 h5 35.Ra7 Rf6
36.Kg2 Rd6 37.Rc7 Nd7 38.Nf4 Nf6 39.Nd3 Ba5 40.Rb7 Nd7 41.Ne5 Nxe5 42.dxe5 Rb6
43.Rxb6 Bxb6 44.Bxd5 f6 45.e6 Bc5 46.f4 g5 47.Kf3 Kg6 48.Ke4 Bd6 49.f5+ Kg7
50.g4 hxg4 51.hxg4 Kf8 52.Kd3 Ke7 53.Kc4 Kd8 54.Be4 Kc7 55.b4 Kb6 56.b5 Be7
57.Bd3 Bd6 58.Kd5 Be7 59.Be2 Kc7 60.Bd3 Kb6 61.Bc4 Kc7 62.Bd3 Kb6 63.Kc4 Kc7
64.Be4 Kb6 65.Bf3 Kc7 66.Kb3 Kb6 67.Ka4 Bd6 68.e7 Bxe7 69.Be2 Bd6 70.Kb3 Be5
71.Kc4  1/2-1/2

[Event "29th European Blitz"]
[Site "Warsaw POL"]
[Date "2010.12.17"]
[Round "12"]
[White "Gashimov,V"]
[Black "Tkachiev,V"]
[Result "1-0"]
[WhiteElo "2733"]
[BlackElo "2636"]

1.c4 g6 2.g3 Bg7 3.Bg2 d6 4.Nc3 Nf6 5.Nf3 O-O 6.O-O e5 7.d4 Nbd7 8.e3 Re8
9.b3 a6 10.Bb2 c6 11.Rc1 Rb8 12.Nd2 exd4 13.exd4 Nf8 14.h3 h5 15.Nf3 b5 16.cxb5 cxb5
17.d5 Qb6 18.Ne2 Bb7 19.Nf4 N8d7 20.Nd4 Nh7 21.Qd2 Rbc8 22.Nc6 Bxb2 23.Qxb2 Ne5
24.Rfe1 Ng5 25.Re3 Rc7 26.h4 Nh7 27.Rce1 Rec8 28.Qxe5 Nf6 29.Bf3 Re8 30.Qg5 Rxe3
31.Rxe3 Qd4 32.Kg2 Rd7 33.Rd3 Qb2 34.Re3 Qd4 35.Qe5  1-0

[Event "European Rapid Championship"]
[Site "Warsaw POL"]
[Date "2010.12.18"]
[Round "1"]
[White "Sliwicki,D"]
[Black "Tkachiev,V"]
[Result "0-1"]
[WhiteElo "1864"]
[BlackElo "2636"]

1.e4 d6 2.d4 g6 3.Nf3 Nf6 4.Bd3 Bg7 5.O-O O-O 6.h3 Nc6 7.Be3 Nb4 8.c3 Nxd3
9.Qxd3 e5 10.Rd1 Qe7 11.Nbd2 Re8 12.dxe5 dxe5 13.Nc4 Nh5 14.Qf1 b6 15.Bg5 f6
16.Bh4 Ba6 17.b3 Qe6 18.Nfd2 Bh6 19.a4 Rad8 20.Ra2 Rd7 21.Qe1 Nf4 22.Bg3 Nd3
23.Qe2 Nc5 24.Qf3 Nxb3 25.Nxb3 Rxd1+ 26.Qxd1 Bxc4 27.Rb2 a5 28.Nd2 Rd8 29.Qe1 Bd3
30.Nf1 Qc6 31.f3 Qxa4 32.Bf2 Bxf1 33.Qxf1 Rd1 34.Be1 Qa1 35.Re2 Bd2 36.Kf2 Bxe1+
37.Rxe1 Rxe1 38.Qxe1 Qxe1+  0-1

[Event "European Rapid Championship"]
[Site "Warsaw POL"]
[Date "2010.12.18"]
[Round "3"]
[White "Hrzica,R"]
[Black "Tkachiev,V"]
[Result "0-1"]
[WhiteElo "2333"]
[BlackElo "2636"]

1.e4 d6 2.d4 Nf6 3.Bd3 g6 4.c3 Bg7 5.f4 O-O 6.Nf3 c5 7.O-O cxd4 8.Nxd4 Nc6
9.Nxc6 bxc6 10.h3 Qb6+ 11.Kh2 Ba6 12.b3 Nd7 13.Re1 Bxd3 14.Qxd3 a5 15.Be3 Qa6
16.Qxa6 Rxa6 17.Rc1 f5 18.Nd2 Nf6 19.exf5 Nd5 20.Bd4 Bxd4 21.cxd4 Rxf5 22.g3 g5
23.Rg1 gxf4 24.gxf4+ Kf8 25.Raf1 a4 26.Ne4 axb3 27.axb3 Ra2+ 28.Kg3 Rb2 29.Rf3 Nc7
30.Kg4 Rd5 31.Rfg3 Rxd4 32.Ng5 h6 33.Nf3 Rd5 34.Kh4 Ke8 35.Rg8+ Kd7 36.Kg4 Rxb3
37.Nh4 h5+  0-1

[Event "European Rapid Championship"]
[Site "Warsaw POL"]
[Date "2010.12.18"]
[Round "7"]
[White "Chernetskiy,M"]
[Black "Tkachiev,V"]
[Result "0-1"]
[WhiteElo "2374"]
[BlackElo "2636"]

1.Nf3 d6 2.e4 Nf6 3.Nc3 g6 4.d4 Bg7 5.Bg5 h6 6.Bf4 a6 7.Qd2 b5 8.a3 Bb7 9.d5 c6
10.O-O-O Nbd7 11.Be2 cxd5 12.exd5 Nb6 13.h4 Nfxd5 14.Nxd5 Nxd5 15.h5 Nxf4
16.Qxf4 g5 17.Qe3 e6 18.Rd2 O-O 19.Rhd1 Bxf3 20.gxf3 Be5 21.Qe4 Qf6 22.Kb1 d5
23.Qb4 a5 24.Qb3 b4 25.a4 Rac8 26.Bb5 Rc5 27.Rd3 Rfc8 28.R1d2 Qf4 29.Re2 Bf6
30.Rde3 Kg7 31.Rd2 Qh2 32.Re1 Qxh5 33.f4 gxf4 34.Bd7 R8c7 35.Rg1+ Kf8 36.Bb5 Ke7
37.Qd3 Qe5 38.Qb3 Rc3 39.bxc3 Rxc3 40.Qb2 Rg3 41.Qxe5 Rxg1+ 42.Ka2 Bxe5 43.c4  0-1

[Event "European Rapid Championship"]
[Site "Warsaw POL"]
[Date "2010.12.18"]
[Round "8"]
[White "Tkachiev,V"]
[Black "Tazbir,M"]
[Result "1-0"]
[WhiteElo "2636"]
[BlackElo "2527"]

1.d4 d5 2.c4 dxc4 3.e3 Nf6 4.Bxc4 a6 5.Nf3 b5 6.Bd3 Bb7 7.O-O Nbd7 8.a4 b4
9.Nbd2 e6 10.Qe2 c5 11.Nc4 Be7 12.e4 cxd4 13.e5 Nd5 14.Nxd4 Nc5 15.Bc2 Nb6
16.Nxb6 Qxb6 17.a5 Qc7 18.Bf4 Bd5 19.Rac1 Qxa5 20.Qg4 g5 21.Be3 h5 22.Qe2 g4
23.Rfd1 Rd8 24.Qe1 h4 25.Bd2 Rb8 26.Be3 Rd8 27.Bd2 Rb8 28.Bf4 Rd8 29.Qe3 h3
30.Bg5 Bxg5 31.Qxg5 Bxg2 32.Qf6 Rf8 33.Qg5 Bd5 34.Bb1 Nd7 35.Qf4 Qb6 36.Nf5 Nc5
37.Ng7+ Ke7 38.Qf6+ Kd7 39.Rxd5+  1-0

[Event "European Rapid Championship"]
[Site "Warsaw POL"]
[Date "2010.12.19"]
[Round "9"]
[White "Shimanov,A"]
[Black "Tkachiev,V"]
[Result "1/2-1/2"]
[WhiteElo "2516"]
[BlackElo "2636"]

1.d4 d6 2.Nf3 g6 3.g3 Bg7 4.Bg2 Nd7 5.c4 e5 6.Nc3 Ne7 7.O-O O-O 8.e4 exd4
9.Nxd4 Nc6 10.Nxc6 bxc6 11.Qc2 Qf6 12.Ne2 Re8 13.Rb1 Qe7 14.Re1 Nc5 15.Nf4 a5
16.Bd2 a4 17.b4 axb3 18.axb3 Bd7 19.b4 Ne6 20.Nxe6 Qxe6 21.Be3 h5  1/2-1/2

[Event "European Rapid Championship"]
[Site "Warsaw POL"]
[Date "2010.12.19"]
[Round "10"]
[White "Tkachiev,V"]
[Black "Schmidt,Wl"]
[Result "1-0"]
[WhiteElo "2636"]
[BlackElo "2396"]

1.Nf3 Nf6 2.c4 g6 3.Nc3 d5 4.cxd5 Nxd5 5.g3 Bg7 6.Bg2 O-O 7.O-O c5 8.Qa4 Nc6
9.Qc4 Nxc3 10.dxc3 Qb6 11.Qh4 f6 12.Qc4+ Kh8 13.Be3 Qxb2 14.Rab1 Qa3 15.Bxc5 Qa5
16.Nd4 Qc7 17.Rfd1 Na5 18.Qb4  1-0

[Event "European Rapid Championship"]
[Site "Warsaw POL"]
[Date "2010.12.19"]
[Round "11"]
[White "Gashimov,V"]
[Black "Tkachiev,V"]
[Result "1-0"]
[WhiteElo "2733"]
[BlackElo "2636"]

1.e4 e5 2.Nf3 Nc6 3.Bb5 a6 4.Ba4 Nf6 5.d4 exd4 6.e5 Ne4 7.O-O Be7 8.Re1 Nc5
9.Bxc6 dxc6 10.Nxd4 Ne6 11.Nf5 Qxd1 12.Rxd1 Bf8 13.Be3 h5 14.Ng3 Nc5 15.Nc3 h4
16.Nge2 h3 17.g3 Bg4 18.Rd4 Bf5 19.Rd2 Bg4 20.Rf1 Rd8 21.Rxd8+ Kxd8 22.f3 Bc8
23.Kf2 Rh5 24.f4 Bg4 25.Nd4 a5 26.Nf3 b5 27.Ke2 f6 28.Bxc5 Bxc5 29.Ne4 Be7
30.Ke3 Ke8 31.b3 Kf8 32.Nd4 Bd7 33.e6 Be8 34.f5 c5 35.Ne2 g6 36.g4 Rh4 37.Rg1 Kg7
38.Nf4 c4 39.Nd5 Ba3 40.Ndxf6 Bc6 41.Nd7  1-0

[Event "TCh-FRA Top 12 2011"]
[Site "Mulhouse FRA"]
[Date "2011.05.27"]
[Round "2.5"]
[White "Shoker,S"]
[Black "Tkachiev,V"]
[Result "1/2-1/2"]
[WhiteElo "2466"]
[BlackElo "2626"]

1.Nf3 g6 2.g3 Bg7 3.Bg2 d5 4.c4 dxc4 5.Qa4+ Nc6 6.Qxc4 e5 7.Ng5 Nh6 8.Bxc6+ bxc6
9.d4 Qd5 10.Qxd5 cxd5 11.dxe5 Bxe5 12.Nc3 Bxc3+ 13.bxc3 O-O 14.Bf4 Re8 15.Nf3  1/2-1/2

[Event "TCh-FRA Top 12 2011"]
[Site "Mulhouse FRA"]
[Date "2011.05.28"]
[Round "3.4"]
[White "Tkachiev,V"]
[Black "Dubessay,B"]
[Result "1/2-1/2"]
[WhiteElo "2626"]
[BlackElo "2325"]

1.d4 Nf6 2.g3 g6 3.Bg2 d5 4.c4 Bg7 5.Nf3 O-O 6.cxd5 Nxd5 7.O-O Nc6 8.Nc3 Nb6
9.d5 Na5 10.e4 c6 11.Bf4 cxd5 12.Nxd5 Nxd5 13.exd5 Bxb2 14.Rb1 Bf6 15.Rc1 Qb6
16.Re1 Bd7 17.Bc7 Qb4 18.d6 Ba4 19.Qd2 Nc6 20.Qxb4 Nxb4 21.Rc4 a5 22.dxe7 Rfe8
23.Bd6 Bc6 24.Nd2 Kg7 25.a3 Bxg2 26.Kxg2 Nc6 27.Rce4 Nd4 28.Rb1 Nf5 29.Bc5 Rac8
30.Rc4 Bg5 31.Ne4 Bxe7 32.Rxb7 Bxc5 33.Rxc5 Rxc5 34.Nxc5 Nd6 35.Rd7 Nc4 36.a4 Re2
37.h4 h5 38.Kf1 Re5 39.Nd3 Re4 40.Ra7 Nd2+ 41.Kg2 Rxa4 42.Ne5 Kf6 43.Nd7+ Kg7
44.Ne5 Kf6 45.Nd7+ Kg7 46.Ne5  1/2-1/2

[Event "TCh-FRA Top 12 2011"]
[Site "Mulhouse FRA"]
[Date "2011.05.29"]
[Round "4.5"]
[White "Tkachiev,V"]
[Black "Le Goff,D"]
[Result "1-0"]
[WhiteElo "2626"]
[BlackElo "2271"]

1.Nf3 d5 2.d4 e6 3.c4 c6 4.Qc2 Nf6 5.e3 Bd6 6.Nc3 Nbd7 7.Bd3 Qe7 8.O-O O-O
9.c5 Bc7 10.e4 dxe4 11.Nxe4 Nxe4 12.Bxe4 h6 13.Bd2 f5 14.Bd3 e5 15.Bxf5 exd4
16.Rae1 Qxc5 17.Qb3+ Kh8 18.Nh4 Rxf5 19.Bb4 Qd5 20.Nxf5 Qxf5 21.Re8+ Kh7
22.Qg8+ Kg6 23.Re7 Be5 24.Re1 Bf6 25.R1e6 Kh5 26.Qf7+ g6 27.h3 Qf4 28.Bd6  1-0

[Event "TCh-FRA Top 12 2011"]
[Site "Mulhouse FRA"]
[Date "2011.05.30"]
[Round "5"]
[White "Roos,Louis1"]
[Black "Tkachiev,V"]
[Result "0-1"]
[WhiteElo "2359"]
[BlackElo "2626"]

1.c4 g6 2.Nc3 Bg7 3.g3 Nf6 4.Bg2 O-O 5.e3 d6 6.Nge2 e5 7.O-O c6 8.d4 Re8
9.b3 e4 10.a4 a5 11.Ba3 Na6 12.Qd2 h5 13.d5 Nc5 14.Rab1 Qe7 15.Rfd1 Bf8 16.Bxc5 dxc5
17.d6 Qd7 18.Qc2 Qf5 19.Rd2 Bd7 20.Rf1 Rad8 21.h3 Qe5 22.Rfd1 Bf5 23.d7 Re6
24.Na2 Qc7 25.Nac3 Qe5 26.Na2 Bg7 27.Nac3 Re7 28.Kh2 Kh8 29.Kg1 g5 30.Kh2 Qc7
31.Ng1 Rdxd7 32.Rxd7 Bxd7 33.Nxe4 Bf5 34.f3 h4 35.Ne2 hxg3+ 36.N2xg3 Bxe4  0-1

[Event "TCh-FRA Top 12 2011"]
[Site "Mulhouse FRA"]
[Date "2011.06.01"]
[Round "7"]
[White "Tkachiev,V"]
[Black "Maze,S"]
[Result "1-0"]
[WhiteElo "2626"]
[BlackElo "2571"]

1.c4 Nf6 2.Nc3 e6 3.Nf3 d5 4.d4 a6 5.cxd5 exd5 6.Bg5 Be7 7.e3 Nbd7 8.Bd3 O-O
9.O-O Re8 10.h3 c6 11.Qc2 Nf8 12.Rae1 g6 13.Ne5 Nh5 14.Bxe7 Qxe7 15.Qd2 f6
16.Ng4 f5 17.Ne5 Nd7 18.f4 Ng3 19.Rf2 Nxe5 20.fxe5 h5 21.Kh2 h4 22.Ne2 Nxe2
23.Qxe2 Kg7 24.Rg1 Be6 25.g4 hxg3+ 26.Rxg3 Kf7 27.Qg4 Rg8 28.Bxf5 gxf5 29.Qh5+ Kf8
30.Rxg8+  1-0

[Event "TCh-FRA Top 12 2011"]
[Site "Mulhouse FRA"]
[Date "2011.06.02"]
[Round "8"]
[White "Collas,S"]
[Black "Tkachiev,V"]
[Result "0-1"]
[WhiteElo "2315"]
[BlackElo "2626"]

1.d4 Nf6 2.Nf3 g6 3.Nc3 Bg7 4.e4 d6 5.h3 O-O 6.Be3 a6 7.Bd3 Nc6 8.Qd2 e5
9.dxe5 Nxe5 10.Nxe5 dxe5 11.O-O Be6 12.a4 Qe7 13.Ne2 Rfd8 14.Qc3 Nh5 15.Bc4 Nf4
16.Rfd1 Qg5 17.Ng3 Bxc4 18.Qxc4 h5 19.Rxd8+ Qxd8 20.Ne2 Qg5 21.g3 Nxh3+ 22.Kg2 Nf4+
23.Nxf4 exf4 24.Bxf4 Qe7 25.c3 c6 26.Rd1 Re8 27.f3 Rd8 28.Rxd8+ Qxd8 29.Qe2 Qd7
30.Qd2 Qe6 31.Qd8+ Kh7 32.Qb6 Qd7 33.Qc7 Qd3 34.Qxf7 Qe2+ 35.Kg1 Qe1+ 36.Kg2 Qe2+
37.Kg1 Qxf3 38.e5 Qd1+ 39.Kh2 Qc2+ 40.Kg1 Qb1+ 41.Kh2 Qxb2+ 42.Kh1 Qb1+ 43.Kh2 Qc2+
44.Kh1 Qf5 45.Qe7 g5 46.Bxg5 Qh3+  0-1

[Event "TCh-FRA Top 12 2011"]
[Site "Mulhouse FRA"]
[Date "2011.06.03"]
[Round "9"]
[White "Tkachiev,V"]
[Black "Gozzoli,Y"]
[Result "1/2-1/2"]
[WhiteElo "2626"]
[BlackElo "2530"]

1.Nf3 c5 2.c4 Nc6 3.d4 cxd4 4.Nxd4 Nf6 5.Nc3 g6 6.g3 Bg7 7.Bg2 O-O 8.O-O Nxd4
9.Qxd4 d6 10.Qd3 Qa5 11.Nb5 Bf5 12.e4 Be6 13.Bd2 Bxc4 14.Qxc4 Qxd2 15.e5 dxe5
16.Rfd1 Qa5 17.Nc3 Rac8 18.Qb3 Qc7 19.Rd2 Rfd8 20.Rxd8+ Rxd8 21.Rd1 Rxd1+
22.Qxd1 Bf8 23.Qf3 b6 24.Qc6 Qxc6 25.Bxc6 e6 26.Ne4 Nxe4 27.Bxe4 f5 28.Bb7 e4
29.a4 Bc5 30.Kf1 Kf7 31.Ke2 g5 32.h3 Kf6 33.b3 Ke5 34.Bc8 h6 35.Bd7 Be7 36.Bc8 Kf6
37.Bd7 Ke5 38.Bc8 f4 39.gxf4+ gxf4 40.f3 e3 41.Ba6 Kf6 42.Bc4 e5 43.Bd3 Kg5
44.Kf1 Kh4 45.Kg2 Bc5  1/2-1/2

[Event "TCh-FRA Top 12 2011"]
[Site "Mulhouse FRA"]
[Date "2011.06.04"]
[Round "10"]
[White "Tkachiev,V"]
[Black "Goldsztejn,Gi"]
[Result "1/2-1/2"]
[WhiteElo "2626"]
[BlackElo "2422"]

1.Nf3 Nf6 2.c4 e6 3.g3 d5 4.d4 dxc4 5.Bg2 Bd7 6.Nbd2 Bb4 7.Qc2 Bb5 8.O-O Nc6
9.Rd1 Bxd2 10.Bxd2 O-O 11.a3 Re8 12.Be1 Qd5 13.a4  1/2-1/2

[Event "Indonesia Open"]
[Site "Jakarta INA"]
[Date "2011.10.14"]
[Round "2.6"]
[White "Tunasly,K"]
[Black "Tkachiev,V"]
[Result "0-1"]
[WhiteElo "2400"]
[BlackElo "2631"]

1.e4 d6 2.d4 g6 3.Bd3 Bg7 4.Ne2 Nc6 5.c3 e5 6.d5 Nce7 7.O-O Nf6 8.h3 O-O
9.Be3 Nd7 10.Nd2 f5 11.f4 Kh8 12.fxe5 Nxe5 13.Bc2 fxe4 14.Rxf8+ Qxf8 15.Bxe4 Bf5
16.Ng3 Bxe4 17.Ndxe4 Qg8 18.Qa4 Qxd5 19.Rf1 b5 20.Qa6 Qc6 21.Qxc6 N7xc6 22.Ng5 Re8
23.b3 Kg8 24.N5e4 Nd7 25.c4 bxc4 26.bxc4 Nde5 27.c5 d5 28.Nf6+ Bxf6 29.Rxf6 Kg7
30.Rf1 Re6 31.Rd1 Nf3+ 32.gxf3 Rxe3 33.Kf2 Ra3 34.Rxd5 Rxa2+ 35.Ke3 Ra3+
36.Ke2 Kf6 37.Rd7 Ke6 38.Rxc7 Nd4+ 39.Kf2 Rxf3+ 40.Kg2 Rf7 41.Rxf7 Kxf7 42.Kf2 Ke6
43.Ne4 h6 44.Ke3 Kd5 45.Kd3 Ne6  0-1

[Event "Indonesia Open"]
[Site "Jakarta INA"]
[Date "2011.10.14"]
[Round "3.3"]
[White "Tkachiev,V"]
[Black "Megaranto,S"]
[Result "1-0"]
[WhiteElo "2631"]
[BlackElo "2530"]

1.c4 e6 2.d4 Nf6 3.Nc3 Bb4 4.e3 O-O 5.Bd3 d5 6.Nf3 c5 7.O-O cxd4 8.exd4 Bxc3
9.bxc3 dxc4 10.Bxc4 Qc7 11.Bd3 Nbd7 12.c4 b6 13.Bb2 Bb7 14.Re1 Qf4 15.Qd2 Qxd2
16.Nxd2 Rfd8 17.a4 Nb8 18.a5 Nc6 19.axb6 axb6 20.Rxa8 Rxa8 21.Ra1 Rxa1+ 22.Bxa1 Kf8
23.f3 Ke7 24.Kf2 h6 25.Bb2 Ba6 26.Ke3 Kd7 27.Ba3 Ne7 28.Nb1 Bb7 29.Nc3 Bc6
30.g4 h5 31.h3 hxg4 32.fxg4 Bg2 33.g5 Nh5 34.Bxe7 Kxe7 35.Be2 Ng3 36.Bd1 Bc6
37.Kf4 Nf1 38.Nb1 f6 39.h4 e5+ 40.dxe5 fxe5+ 41.Kxe5 Nh2 42.Be2 Bf3 43.Bd3 Bc6
44.Be4 Ng4+ 45.Kf4 Bxe4 46.Kxe4 Kd6 47.Nc3 Kc5 48.Kf4  1-0

[Event "Indonesia Open"]
[Site "Jakarta INA"]
[Date "2011.10.16"]
[Round "5.1"]
[White "Tkachiev,V"]
[Black "Barbosa,O PHI"]
[Result "1/2-1/2"]
[WhiteElo "2631"]
[BlackElo "2538"]

1.d4 d5 2.c4 c6 3.Nc3 Nf6 4.e3 a6 5.Qc2 e6 6.Nf3 c5 7.cxd5 exd5 8.Be2 Nc6
9.O-O cxd4 10.exd4 Be7 11.Ne5 O-O 12.Nxc6 bxc6 13.Bf4 a5 14.Rfe1 Ba6 15.Bf3 Re8
16.h3 Nd7 17.Na4 Bb5 18.Nc3 Ba6 19.Na4 Bb5 20.Nc3 Ba6  1/2-1/2

[Event "Indonesia Open"]
[Site "Jakarta INA"]
[Date "2011.10.17"]
[Round "7.5"]
[White "Tkachiev,V"]
[Black "Laylo,D"]
[Result "1-0"]
[WhiteElo "2631"]
[BlackElo "2534"]

1.d4 Nf6 2.c4 g6 3.Nf3 Bg7 4.g3 O-O 5.Bg2 d5 6.cxd5 Nxd5 7.O-O Nb6 8.Nc3 Nc6
9.d5 Na5 10.e4 c6 11.Bf4 cxd5 12.Nxd5 Nxd5 13.exd5 Bg4 14.Rc1 e5 15.dxe6 Bxe6
16.Qa4 Nc6 17.Rfd1 Qb6 18.Ng5 Rac8 19.Be3 Qxb2 20.Nxe6 fxe6 21.Rb1 Qe2 22.Rxb7 Ne5
23.Rf1 Rf7 24.Rxf7 Kxf7 25.Qxa7+ Kg8 26.Qe7 Rf8 27.Qxe6+ Kh8 28.Qd5 h5 29.a4 Nc4
30.Bf4 Nb2 31.Be4 g5 32.Be5  1-0

[Event "Indonesia Open"]
[Site "Jakarta INA"]
[Date "2011.10.18"]
[Round "8.2"]
[White "Ganguly,S"]
[Black "Tkachiev,V"]
[Result "1-0"]
[WhiteElo "2631"]
[BlackElo "2631"]

1.d4 d5 2.c4 dxc4 3.e3 Nf6 4.Bxc4 a6 5.Nf3 c5 6.O-O e6 7.Bb3 Nc6 8.Nc3 Be7
9.dxc5 Qxd1 10.Rxd1 Bxc5 11.Bd2 Bd7 12.Rac1 Ba7 13.Be1 Ke7 14.Na4 Ne4 15.Bc2 Nd6
16.Bb1 Rhd8 17.Nc5 Bxc5 18.Rxc5 h6 19.e4 Be8 20.e5 Nb5 21.Rdc1 Nbd4 22.Nxd4 Nxd4
23.Bb4 Kf8 24.Rc8+ Kg8 25.Rxa8 Rxa8 26.Kf1 Bb5+ 27.Ke1 Ne2 28.Rc7 Nf4 29.Rxb7 Nd3+
30.Bxd3 Bxd3 31.Rc7 a5 32.Bd6 a4 33.Rc3 Bb1 34.Ra3 Rc8 35.Rxa4 Rc1+ 36.Kd2 Rc2+
37.Ke3 Rxb2 38.a3 Ba2 39.Rb4 Rc2 40.Rd4 Bd5 41.g3 Kh7 42.Rf4 Kg8 43.h4 h5
44.Kd3 Ra2 45.Kc3 Bc6 46.Kb3 Bd5+ 47.Kb4 Bc6 48.Kc5 Bd7 49.Kb6 Ra1 50.Kc7 Bb5
51.Kd8 Bd3 52.Ke7 Bg6 53.a4 Ra2 54.Bc7 Ra1 55.a5 Ra2 56.Bb6 Ra1 57.Rd4 Kh7
58.Rd8 Rb1 59.Rf8 Rb5 60.Kd6 Rd5+ 61.Kc7 Bd3 62.Rxf7 Kg6 63.Rd7 Rxd7+ 64.Kxd7 Kf5
65.Bc7 Bc4 66.Kc6 Ke4 67.Kb7 Bd5+ 68.Ka7 Bc4 69.a6 Kd4 70.Kb7  1-0

[Event "11th Gibraltar Masters"]
[Site "Caleta ENG"]
[Date "2013.01.23"]
[Round "2.13"]
[White "Wemmers,X"]
[Black "Tkachiev,V"]
[Result "0-1"]
[WhiteElo "2349"]
[BlackElo "2650"]

1.d4 Nf6 2.c4 e6 3.Nc3 Bb4 4.e3 O-O 5.Ne2 c6 6.a3 Ba5 7.Ng3 d5 8.Bd3 dxc4
9.Bxc4 c5 10.O-O cxd4 11.Nce4 Nxe4 12.Nxe4 Nc6 13.Qh5 Bc7 14.f4 Bb6 15.Rf3 h6
16.Bd2 dxe3 17.Bxe3 Bxe3+ 18.Rxe3 Qd4 19.Qe2 e5 20.Rd1 Qb6 21.Kh1 exf4 22.Rb3 Nd4
23.Rxb6 Nxe2 24.Rbd6 Bg4 25.R1d2 Rac8 26.b3 b5 27.Bxe2 Bxe2 28.h3 f3 29.Kg1 Rc1+
30.Kh2 Rb1 31.b4 fxg2 32.Kxg2 Bf1+ 33.Kg3 Rb3+ 34.Kf4 Bxh3 35.Ra6 Re8  0-1

[Event "10th Balagne Rapid KO"]
[Site "Calvi FRA"]
[Date "2013.04.14"]
[Round "3.1"]
[White "Fressinet,L"]
[Black "Tkachiev,V"]
[Result "1-0"]
[WhiteElo "2706"]
[BlackElo "2632"]

1.e4 e5 2.Nf3 Nc6 3.Bb5 Bc5 4.O-O Nd4 5.b4 Bb6 6.Nxd4 Bxd4 7.c3 Bb6 8.d4 c6
9.Ba4 d6 10.Na3 Nf6 11.Bc2 Be6 12.f4 h6 13.f5 Bc8 14.Nc4 O-O 15.Nxb6 axb6
16.Be3 exd4 17.cxd4 Re8 18.Rf4 Qe7 19.Bf2 c5 20.Qd2 Bd7 21.Bd3 Ra3 22.Re1 cxd4
23.Bxd4 b5 24.Bb1 Bc6 25.Bb2 Raa8 26.Kh1 Rad8 27.Bd4 Rc8 28.h3 Qd8 29.Qd3 Nh5
30.Rg4 Nf6 31.Rg3 Bxe4 32.Qd2 Bxb1 33.Rxe8+ Qxe8 34.Bxf6  1-0

[Event "Commonwealth & RSA Open"]
[Site "Port Elizabeth RSA"]
[Date "2013.07.07"]
[Round "3.3"]
[White "Tkachiev,V"]
[Black "Notha,M"]
[Result "1-0"]
[WhiteElo "2649"]
[BlackElo "2079"]

1.Nf3 d5 2.d4 Nf6 3.c4 c6 4.e3 a6 5.Bd2 Nbd7 6.Nc3 g6 7.Rc1 Bg7 8.cxd5 cxd5
9.Qb3 e6 10.Bd3 O-O 11.O-O b6 12.Na4 Ne4 13.Bb4 Re8 14.Qc2 Bb7 15.Qc7 Rb8
16.Qxd8 Rexd8 17.Rc7 Bf8 18.Bxf8 Kxf8 19.Rfc1 Nef6 20.Ne5 Nxe5 21.dxe5 Nd7
22.f4 Rdc8 23.R1c3 Rxc7 24.Rxc7 Ke8 25.Kf2 Kd8 26.Rc1 Rc8 27.Rxc8+ Bxc8 28.Nc3 Bb7
29.Ne2 Nc5 30.Bc2 a5 31.a3 Ba6 32.b4 axb4 33.axb4 Nd3+ 34.Bxd3 Bxd3 35.Nc3 Kd7
36.g4 h6 37.h4 Kc6 38.Ke1 Bc4 39.Kd2 Kd7 40.g5 h5 41.Nb1 Kc6 42.Kc3 Bf1 43.Nd2 Be2
44.Nb3 Kd7 45.Nd4 Bf1 46.Kb3 Bd3 47.Ka4 Kc7 48.Ka3 Kd7 49.Kb2 Bf1 50.Kc3 Kc7
51.f5 Kd7 52.f6 Ba6 53.Kb3 Bc4+ 54.Ka4 Bd3 55.Nb5 Bxb5+ 56.Kxb5 Kc7 57.Ka6 Kc6
58.Ka7 Kb5 59.Kb7 Kxb4 60.Kxb6 Kc3 61.Kc5 Kd3 62.Kd6 Kxe3 63.Ke7 d4 64.Kxf7 d3
65.Kxg6 d2 66.f7 d1=Q 67.f8=Q Qg4 68.Kh6 Qxh4 69.g6  1-0

[Event "Commonwealth & RSA Open"]
[Site "Port Elizabeth RSA"]
[Date "2013.07.08"]
[Round "4.3"]
[White "Kulkarni,C"]
[Black "Tkachiev,V"]
[Result "0-1"]
[WhiteElo "2290"]
[BlackElo "2649"]

1.Nf3 g6 2.c4 Bg7 3.Nc3 d6 4.g3 Nf6 5.Bg2 O-O 6.O-O e5 7.d3 Re8 8.Bg5 Nbd7
9.Qc1 a5 10.Rb1 c6 11.b3 Qc7 12.a3 e4 13.dxe4 Nxe4 14.Nxe4 Rxe4 15.Qc2 Re8
16.Rbd1 Qb6 17.Be3 Rxe3 18.fxe3 Qxe3+ 19.Kh1 Nc5 20.Rxd6 Bf5 21.Qd1 Qe7 22.b4 axb4
23.axb4 Ne4 24.c5 Nxd6 25.cxd6 Qe3 26.Nh4 Be6 27.Nf3 Ra1 28.Qd2 Rxf1+ 29.Bxf1 Qxd2
30.Nxd2 Bc3 31.Ne4 Bd5 32.Bg2 Bxe4 33.Bxe4 Bxb4 34.d7 Ba5 35.Bc2 Kf8 36.Bb3 Ke7
37.Kg2 f6 38.Bg8 h6 39.h4 Kxd7 40.Bf7 g5 41.Kf3 Kd6 42.Ke4 Bd8 43.hxg5 hxg5
44.g4 Kc5 45.Kd3 Kb4 46.Be6 b5  0-1

[Event "Commonwealth & RSA Open"]
[Site "Port Elizabeth RSA"]
[Date "2013.07.09"]
[Round "6.4"]
[White "Kulkarni,R"]
[Black "Tkachiev,V"]
[Result "1/2-1/2"]
[WhiteElo "2270"]
[BlackElo "2649"]

1.e4 c6 2.c4 d5 3.cxd5 cxd5 4.exd5 Nf6 5.Nc3 Nxd5 6.Nf3 e6 7.Bc4 Nxc3 8.bxc3 Qc7
9.Bb3 Nd7 10.O-O Bd6 11.d4 Qxc3 12.Bg5 O-O 13.Rc1 Qa5 14.Re1 h6 15.Be3 Rd8
16.Nd2 Nb6  1/2-1/2

[Event "Commonwealth & RSA Open"]
[Site "Port Elizabeth RSA"]
[Date "2013.07.10"]
[Round "7.4"]
[White "Tkachiev,V"]
[Black "Brown,An"]
[Result "1/2-1/2"]
[WhiteElo "2649"]
[BlackElo "2281"]

1.d4 Nf6 2.Nf3 g6 3.g3 Bg7 4.Bg2 O-O 5.O-O d6 6.c4 Nc6 7.Nc3 e5 8.d5 Ne7
9.e4 Nd7 10.Ne1 f5 11.Nd3 Nf6 12.Bg5 h6 13.Bxf6 Bxf6 14.f4 exf4 15.Nxf4 g5
16.Ne6 Bxe6 17.dxe6 c6 18.Kh1 Qa5 19.exf5 Bxc3 20.bxc3 Qxc3 21.Rb1 Nxf5 22.Rxb7 Qxc4
23.Qa1 Nd4 24.Rc1 Qa6 25.Bxc6 Rf1+ 26.Rxf1 Qxc6+ 27.Kg1 Ne2+ 28.Kf2 Qxb7
29.Kxe2 Qe4+ 30.Kf2 Rf8+ 31.Kg1 Qe3+ 32.Kh1 Qe4+ 33.Kg1 Qe3+ 34.Kh1 Rxf1+
35.Qxf1 Qe4+ 36.Kg1 Qe3+ 37.Kg2 Qxe6 38.Qa6 Qd5+ 39.Kg1 Qc5+ 40.Kg2 Qd5+
41.Kg1 Qd4+ 42.Kg2 Kf7 43.Qb7+ Kf6 44.Qh7 Qd5+ 45.Kg1 Qc5+ 46.Kg2 Qd5+ 47.Kg1 Qd1+
48.Kg2 Qe2+ 49.Kg1 Qe3+ 50.Kg2 g4 51.Qh8+ Kf5 52.Qh7+ Ke6 53.Qg6+ Kd5 54.Qg7 Qe2+  1/2-1/2

[Event "Commonwealth & RSA Open"]
[Site "Port Elizabeth RSA"]
[Date "2013.07.11"]
[Round "8.5"]
[White "Gomes,Mary"]
[Black "Tkachiev,V"]
[Result "0-1"]
[WhiteElo "2423"]
[BlackElo "2649"]

1.Nf3 g6 2.g3 Bg7 3.Bg2 d5 4.O-O c5 5.c4 d4 6.d3 Nc6 7.Na3 Nf6 8.Nc2 O-O
9.e3 dxe3 10.Bxe3 Bf5 11.Bxc5 Bxd3 12.Re1 Nd7 13.Qxd3 Nxc5 14.Qa3 Qd3 15.Qxc5 Qxc2
16.Rab1 Bxb2 17.Qb5 Bf6 18.Qb3 Qf5 19.Nd2 Rad8 20.Ne4 Rd7 21.Qb5 Bd4 22.Qxf5 gxf5
23.Ng5 Bf6 24.Bxc6 bxc6 25.Nf3 Rfd8 26.Kg2 Kf8 27.Rb3 Rd3 28.Ne5 Rxb3 29.axb3 c5
30.Re2 a6 31.f4 e6 32.Ra2 Rd6 33.Ra5 Bxe5 34.fxe5 Rb6 35.Rxc5 Rxb3 36.Rc6 Rb4
37.Rxa6 Rxc4 38.Kf3 Rc3+ 39.Kf4 Rc2 40.h3 Rf2+ 41.Ke3 Rh2 42.h4 Rh1 43.Ra4 Kg7
44.Kf2 h6 45.Rb4 Kg6 46.Ra4 Rd1 47.Kf3 Re1 48.Ra5 Rf1+ 49.Kg2 Rd1 50.Ra3 Rd5
51.Re3 Kh5 52.Kf3 Ra5 53.Kf4 Ra4+ 54.Kf3 Re4 55.Ra3 Rxe5 56.Ra7 Kg6 57.Rb7 Rc5
58.Rb6 Ra5 59.Kf4 Ra4+ 60.Kf3 h5 61.Rc6 Re4 62.Rc8 f6 63.Rg8+ Kh7 64.Re8 e5  0-1

[Event "Commonwealth & RSA Open"]
[Site "Port Elizabeth RSA"]
[Date "2013.07.12"]
[Round "9.4"]
[White "Tkachiev,V"]
[Black "Grover,S"]
[Result "1/2-1/2"]
[WhiteElo "2649"]
[BlackElo "2487"]

1.Nf3 Nf6 2.g3 g6 3.c4 Bg7 4.Bg2 d5 5.O-O O-O 6.cxd5 Nxd5 7.d4 Nb6 8.Be3 c5
9.Nc3 cxd4 10.Bxd4 Nc6 11.Bxg7 Kxg7 12.Qc1 e5 13.a4 Na5 14.Rb1 Bf5 15.e4 Nb3
16.Qe1 Be6 17.Rd1 Qf6 18.Qe3 Bg4 19.Nd5  1/2-1/2

[Event "88th ch-FRA 2013"]
[Site "Nancy FRA"]
[Date "2013.08.11"]
[Round "1.5"]
[White "Bauer,Ch"]
[Black "Tkachiev,V"]
[Result "1/2-1/2"]
[WhiteElo "2633"]
[BlackElo "2637"]

1.e4 e5 2.Nf3 Nc6 3.Bb5 a6 4.Ba4 Nf6 5.O-O Be7 6.Re1 b5 7.Bb3 O-O 8.d3 d6
9.a4 Bd7 10.Bd2 b4 11.a5 Rb8 12.Bc4 Qc8 13.Bg5 h6 14.Bh4 Kh8 15.Nbd2 Ng8
16.Bg3 Bf6 17.Nf1 g6 18.c3 bxc3 19.bxc3 Bg7 20.d4 exd4 21.Nxd4 Nge7 22.Qd3 Nxd4
23.cxd4 Bb5 24.Rac1 Qd7 25.Ne3 Nc6 26.Nd5 Nxd4 27.Nxc7 Qxc7 28.Bxb5 Qxa5
29.Bc4 Rb6 30.h3 Rc6 31.Bd5 Rxc1 32.Rxc1 Qb6 33.Rb1 Nb5 34.Bc4 Be5 35.Bxe5+ dxe5
36.Bxb5 axb5 37.Rxb5 Qc7 38.Qe3 Kh7 39.Qc5 Qxc5 40.Rxc5  1/2-1/2

[Event "88th ch-FRA 2013"]
[Site "Nancy FRA"]
[Date "2013.08.12"]
[Round "2.4"]
[White "Apicella,M"]
[Black "Tkachiev,V"]
[Result "1/2-1/2"]
[WhiteElo "2512"]
[BlackElo "2637"]

1.c4 g6 2.g3 Bg7 3.Bg2 Nf6 4.Nc3 O-O 5.Nf3 d5 6.cxd5 Nxd5 7.O-O Nc6 8.a3 Re8
9.Qc2 Nb6 10.d3 h6 11.b4 Bg4 12.e3 Qd7 13.Bb2 Rad8 14.Ne4 Qxd3 15.Qxd3 Rxd3
16.Bxg7 Kxg7 17.Nc5 Rc3 18.Nxb7 Bxf3 19.Bxf3 Ne5 20.Bg2 Nd3 21.Be4 Nc4 22.Bxd3 Rxd3
23.Rfc1 Rxa3 24.Rxa3 Nxa3 25.Rxc7 Nb5 26.Rc5 Nd6 27.Nxd6 exd6 28.Rc7 Rb8
29.Rxa7 Rxb4 30.Ra6 Rb1+ 31.Kg2 Rd1 32.Kf3 Kf6 33.Ke2 Rd5 34.e4 Rd4 35.Ke3 Rd1
36.Ke2 Rd4 37.Ke3 Rd1 38.Ke2 Rd4 39.Ke3 Rd1 40.Ke2  1/2-1/2